| 000 | 00805nam a2200229 u 4500 | ||
|---|---|---|---|
| 005 | 20230622063527.0 | ||
| 008 | 080605s2006 br r 000 0 spa d | ||
| 020 | _a9788506047453 | ||
| 035 | _aUPN01000156607 | ||
| 049 | _aI | ||
| 050 | 4 |
_aPZ76.3 _bA5.7 |
|
| 100 | 1 |
_aAndrade Barbosa, Rogério _932850 |
|
| 245 | 1 | 3 |
_aEl señor de los pájaros : _bcuento angoleño / _cRogério Andrade Barbosa ; il. Salmo Dansa ; tr. Alberto Jiménez Rioja. |
| 260 |
_aSao Paulo, Bra. : _bMelbcoks, _cc2006. |
||
| 300 |
_a32 p. : _bprincipalmente il. col. |
||
| 534 |
_pTitulo original: _tO senhor dos pássaros |
||
| 650 | 0 |
_aAnimales _vCuentos y leyendas _9234 |
|
| 650 | 7 |
_aAves _vCuentos y leyendas _2 _94118 |
|
| 650 | 4 |
_aCUENTOS INFANTILES AFRICANOS _911560 |
|
| 700 | 1 |
_aDansa, Salmo, _eil. |
|
| 905 | _aInfantil | ||
| 999 |
_c128721 _d128721 |
||